000 00795nam a2200217 a 4500
001 000041595
005 20201002035646.0
008 131011s2003 sp 000 0 spa d
020 _a840008165X
040 _aDO-SdBNP
_bspa
_cBNPHU
082 _axxx
_bL112L
100 1 _aLabajo González, Ma. Trinidad
_968363
245 1 0 _aLecturas /
_cMa. Trinidad Labajo González ; prólogo Alberto Sánchez Álvarez-Insúa.
260 _aMadrid :
_bConsejo Superior de Investigaciones Científicas,
_c2003.
300 _a407 p. ;
_c22 cm.
490 1 _aLiteratura breve
_v11
500 _aIncluye referencias bibliográficas y notas al pie de las páginas.
504 _aBibliografía: p. 397-407
700 1 _aÁlvarez-Insúa, Alberto Sánchez
_epról.
_968364
830 0 _aLiteratura breve
_n11
_968365
999 _c41085
_d41085